Seeds : their place in life and legend /

Bibliographic Details
Main Author: Quinn, Vernon, 1881-1962
Format: Book
Language:English
Published: New York, N.Y. : The company of Frederick A. Stokes, 1936.
Subjects:

MARC

Tag First Indicator Second Indicator Subfields
LEADER 00000cam a2200000 4500
001 in00000046512
005 20151007073236.0
008 731031s1936 nyua 00010 eng u
010 |a  36027364  
035 |a (OCoLC)00732980 
035 |9 AAE9384AM 
040 |c TFW  |d TXA  |d UtOrBLW 
049 |a TXAM  |c [153493] 
050 0 |a QK661  |b .Q5 
092 |a 581.467  |b Q7s 
100 1 |a Quinn, Vernon,  |d 1881-1962. 
245 1 0 |a Seeds :  |b their place in life and legend /  |c by Vernon Quinn. Of their habits and uses and travels, of those poisonous and edible, and of divers ancient and strange beliefs and superstitions about them. 
264 1 |a New York, N.Y. :  |b The company of Frederick A. Stokes,  |c 1936. 
300 |a xi, 1 unnumbered page, 188 pages including frontispiece, illustrations ;  |c 22 cm. 
336 |a text  |b txt  |2 rdacontent 
337 |a unmediated  |b n  |2 rdamedia 
338 |a volume  |b nc  |2 rdacarrier 
500 |a Illustrated lining-papers. 
650 0 |a Seeds. 
944 |a stk  |h REPL<65021>REP-LATEST<>REF<rmcgeach>  |m Replacement on order 
999 |a MARS 
999 f f |s f9b8fa22-380b-3380-ab8d-619e862b8169  |i 23f8245b-b699-3623-a071-0ed1a8add9a8  |t 0 
952 f f |p ric  |a Texas A&M University  |b Rellis Campus  |c Joint Library Facility  |d Remote Storage  |t 0  |e QK661 .Q5  |h Library of Congress classification  |i unmediated -- volume  |m A14836626255 
998 f f |a QK661 .Q5  |t 0  |l Remote Storage